| 000 | 01763nam a2200373 c 4500 | ||
|---|---|---|---|
| 003 | BLK | ||
| 005 | 20230407030346.0 | ||
| 008 | 180408b bul|||||r ||||||| ||bul|| | ||
| 010 | _aKNG00070174000 | ||
| 040 | _aBLK | ||
| 041 |
_aBUL _cBUL |
||
| 080 |
_aЛитературна дейност. Редактиране. Култура на речта. Стилистика. Литературна техника _b808 _x(075.3) _z808(075.3) |
||
| 080 |
_aЕсета. Очерци. Скици. Вж и 82-95 _b82-4 _x.08(075.3) _z82-4.08(075.3) |
||
| 080 |
_aБългарска литература _b821.163.2 _x(075.3) _z821.163.2(075.3) |
||
| 100 | 1 |
_aПанов, Александър Асенов _eпърви автор _9254066 |
|
| 139 |
_aПанов, Александър Асенов _bП 18 |
||
| 245 | 1 | 0 |
_aИзпитът по литература ХІ - ХІІ клас _bЗа кандидатстване в СУ "Св. Климент Охридски" _cАлександър Асенов Панов. |
| 257 | _aBGR | ||
| 260 |
_аСофия _bДиоген.bg _c2005 _fСофия : Инвестпрес |
||
| 300 |
_a112 с. _c24 см |
||
| 380 | _a82 | ||
| 490 | 1 | _aБългарски език и литература | |
| 650 | 4 |
_aБългарска литература - учебни помагала _9242720 |
|
| 650 | 4 |
_aЛитературна критика, българска _9241943 |
|
| 653 | _aбългарска литература | ||
| 653 | _aлитературна критика | ||
| 653 | _aучебни помагала | ||
| 653 | _aкандидатстудентски изпити | ||
| 852 | _aЦб 230531 | ||
| 856 | 4 |
_qpdf _u |
|
| 856 | 4 |
_qpdf _u |
|
| 942 |
_cKNG _n0 |
||
| 944 |
_aCR _c20.12.2006 _kЦветанка_Енчева |
||
| 944 |
_aED _c13.03.2007 _k |
||
| 999 |
_c65892 _d65892 |
||